000 00362nam a22001337a 4500
020 _a978-0-241-61811-0
082 _a823
_bKIN/D
100 _aKINNEY, JEFF
245 _aDIARY OF A WIMPY KID: DIPER OVERLODE
246 _aDIARY OF A WIMPY KID: DIPER OVERLODE
_bDIARY OF A WIMPY KID: DIPER OVERLODE
260 _aU K
_bPENGYIN
_c2023
300 _a217
942 _cBK
999 _c9007
_d9007